[Event "POL-chT4B 0910"]
[Site "Wielkoposka"]
[Date "2010.03.07"]
[Round "8"]
[White "Wegner, Jacek"]
[Black "Wiesiolek, Krzysztof"]
[Result "0-1"]
[WhiteElo "2000"]
[BlackElo "2017"]
[PlyCount "77"]
[EventDate "2010.01.10"]
[EventType "team-tourn"]
[EventRounds "9"]
[EventCountry "POL"]
[SourceTitle "EXT 2019"]
[Source "ChessBase"]
[SourceDate "2018.10.10"]
[SourceVersion "1"]
[SourceVersionDate "2018.10.10"]
[SourceQuality "1"]
[WhiteTeam "Kalisz KTS"]
[BlackTeam "Turek Tecza"]
[WhiteTeamCountry "POL"]
[BlackTeamCountry "POL"]

1. e4 c6 2. d4 d5 3. e5 Bf5 4. Nf3 e6 5. Be2 c5 6. Be3 Qb6 7. Nc3 Qxb2 8. Nb5 Na6 9. dxc5 Qb4+ 10. c3 Qa5 11. Nfd4 Bg6 12. Nb3 Qd8 13. Nd6+ Bxd6 14. Bb5+ Kf8 15. cxd6 Nh6 16. 0-0 Nf5 17. Qe2 Nxe3 18. Qxe3 Qb6 19. Qxb6 axb6 20. c4 dxc4 21. Bxc4 Nb4 22. Nd4 Nc6 23. Nxc6 bxc6 24. a4 Ra5 25. Rfc1 Rxe5 26. a5 Rxa5 27. Rxa5 bxa5 28. Bb5 f5 29. Rxc6 Kf7 30. Rc7+ Kf6 31. f4 Rd8 32. d7 Bh5 33. Ra7 Bd1 34. Rxa5 Bb3 35. Kf2 g5 36. Ra3 Bd5 37. g3 e5 38. Ra6+ Kf7 39. fxe5 0-1

[Event "POL-chT4B 0910"]
[Site "Wielkoposka"]
[Date "2010.01.10"]
[Round "2"]
[White "Wegner, Jacek"]
[Black "Wisniewski, Emil"]
[Result "0-1"]
[WhiteElo "2000"]
[BlackElo "1881"]
[PlyCount "72"]
[EventDate "2010.01.10"]
[EventType "team-tourn"]
[EventRounds "9"]
[EventCountry "POL"]
[SourceTitle "EXT 2019"]
[Source "ChessBase"]
[SourceDate "2018.10.10"]
[SourceVersion "1"]
[SourceVersionDate "2018.10.10"]
[SourceQuality "1"]
[WhiteTeam "Kalisz KTS"]
[BlackTeam "Gniezno LKS Chrobry II"]
[WhiteTeamCountry "POL"]
[BlackTeamCountry "POL"]

1. e4 e6 2. d4 d5 3. e5 c5 4. c3 Nc6 5. Nf3 Qb6 6. Be2 Nge7 7. dxc5 Qc7 8. 0-0 Ng6 9. b4 Ncxe5 10. Nd4 Be7 11. f4 Nc6 12. Bb5 0-0 13. Bxc6 bxc6 14. Qe2 a5 15. Qf2 Ba6 16. Re1 Bf6 17. f5 exf5 18. Nxf5 axb4 19. Bb2 bxc3 20. Bxc3 Bxc3 21. Nxc3 Ne5 22. Qg3 f6 23. Rad1 Ra7 24. Rd4 Qa5 25. Kh1 Qxc5 26. Ne2 Qc2 27. Qf2 Nd3 28. Rxd3 Bxd3 29. Qxa7 Bxf5 30. Nd4 Qf2 31. Rg1 Be4 32. a4 Re8 33. h3 Qg3 34. Qd7 Bxg2+ 35. Rxg2 Re1+ 36. Rg1 Rxg1# 0-1